|
|
|
|
| LEADER |
00000cam a2200000 7i4500 |
| 001 |
0000058905 |
| 005 |
20160117.0 |
| 008 |
160117 |
| 020 |
|
|
|a 9789671141809
|
| 090 |
0 |
0 |
|a 297.577
|b ZUL
|
| 100 |
1 |
|
|a Zulkifli Mohamad al-Bakri
|c Dr.
|
| 245 |
1 |
0 |
|a Wasiat untuk anakku
|c Dr. Zulkifli Mohamad al-Bakri
|
| 260 |
|
|
|a Nilai :
|b Pustaka Cahaya Kasturi ,
|c [s.n]
|
| 300 |
|
|
|a 74 p. :
|b ill. ;
|c 21 cm.
|
| 650 |
|
0 |
|a Islam Customs and practices
|
| 650 |
|
0 |
|a Religious life Islam
|
| 999 |
|
|
|a 0001384513
|b Book
|c Adult Collection
|e Cawangan Bukit Gambir
|
| 999 |
|
|
|a 0001386783
|b Book
|c Adult Collection
|e Cawangan Urban Transformation Centre
|
| 999 |
|
|
|a 0001386784
|b Book
|c Adult Collection
|e Cawangan AEON Kulaijaya
|
| 999 |
|
|
|a 0001386785
|b Book
|c Adult Collection
|e Perbadanan Perpustakaan Awam Johor
|
| 999 |
|
|
|a 0001387505
|b Book
|c Adult Collection
|e Cawangan Segamat
|
| 999 |
|
|
|a 0001387506
|b Book
|c Adult Collection
|e Cawangan Batu Pahat
|
| 999 |
|
|
|a 0001387507
|b Book
|c Adult Collection
|e Cawangan Tangkak
|
| 999 |
|
|
|a 0001387508
|b Book
|c Adult Collection
|e Cawangan Bandar Tenggara
|
| 999 |
|
|
|a 0001387509
|b Book
|c Adult Collection
|e Cawangan Pontian
|
| 999 |
|
|
|a 0001387510
|b Book
|c Adult Collection
|e Cawangan Tmn. Ungku Tun Aminah
|
| 999 |
|
|
|a 0001387511
|b Book
|c Adult Collection
|e Cawangan Muar
|
| 999 |
|
|
|a 0001387512
|b Book
|c Adult Collection
|e Cawangan Taman Sri Lambak
|
| 999 |
|
|
|a 0001387513
|b Book
|c Adult Collection
|e Cawangan Bukit Gambir
|
| 999 |
|
|
|a 0001387515
|b Book
|c Adult Collection
|e Cawangan Mersing
|
| 999 |
|
|
|a 0001387516
|b Book
|c Adult Collection
|e Cawangan Bandar Penawar
|
| 999 |
|
|
|a 0001387517
|b Book
|c Adult Collection
|e Cawangan Kota Tinggi
|
| 999 |
|
|
|a 0001711619
|b Book
|c Teenagers
|e Cawangan Sri Merlong
|